00701nam a22002177a 450000500170000001000130001702000110003003500130004103700160005404000120007008200150008210000170009724501830011425000130029726000420031027000450035230000230039765000230042070000200044370000200046320170124110027.0 aA-980786 c105.00 aA-980786 bCen Lib/Ret aDPLbEN a512.5bSHA aSharma, J.N. aLinear algebra :cby J.N.Sharma, A.R.Vasishtha [and] A.K.Vasishthaba course in finite dimensional vector spaces for pass,honours and post-graduates of all Indian Univeersities / a13th.ed. bKrishna Prakashan MediaaMeerutc2000 a11, Shivaji RoadbUttar Pradeshe250 001 axii,416p. c20(Hb) aAlgebra -- Linear. aVasishtha, A.R. aVasishtha, A.K.